[Event "CFriend WC-2009-P-00014"]
[Site "Chessfriend.com"]
[Date "2005.02.28"]
[Round "1"]
[White "Louro, Eugenio Diogo"]
[Black "Barkwell, Michael C"]
[Result "1-0"]
[WhiteElo "2194"]
[BlackElo "1848"]
[PlyCount "69"]
[EventDate "2005.??.??"]
[EventType "tourn (corr)"]
[EventRounds "6"]
[SourceTitle "Corr 2008"]
[Source "ChessBase"]
[SourceDate "2008.06.24"]
[SourceVersion "1"]
[SourceVersionDate "2008.06.24"]
[SourceQuality "1"]

1. e4 e5 2. Nf3 Nc6 3. Bc4 Bc5 4. c3 Nf6 5. d4 exd4 6. cxd4 Bb4+ 7. Bd2 Bxd2+ 8. Nbxd2 d6 9. d5 Ne5 10. Nxe5 dxe5 11. Qa4+ Bd7 12. Qb4 Qe7 13. Qxb7 0-0 14. Qb3 c6 15. 0-0 cxd5 16. exd5 Rab8 17. Qc3 h6 18. Rfe1 Rfe8 19. Ne4 Nxe4 20. Rxe4 Qb4 21. Qxb4 Rxb4 22. b3 Bf5 23. Re3 Kh7 24. Rae1 f6 25. f4 e4 26. Kf2 Bg6 27. h3 f5 28. Rd1 Bf7 29. g4 g6 30. Rc3 Rd8 31. d6 Kg7 32. Bxf7 Kxf7 33. Rc7+ Ke6 34. gxf5+ gxf5 35. Rh7 1-0

[Event "Internet Section 06A g/8'+2\""]
[Site "Dos Hermanas"]
[Date "2004.03.06"]
[Round "1"]
[White "Barkwell, Michael C"]
[Black "Loom, ES."]
[Result "0-1"]
[WhiteElo "1508"]
[BlackElo "2207"]
[PlyCount "50"]
[EventDate "2004.03.06"]
[EventType "swiss (blitz)"]
[EventRounds "9"]
[EventCountry "ESP"]
[SourceTitle "CBM 099 Extra"]
[Source "ChessBase"]
[SourceDate "2004.05.04"]
[SourceVersion "1"]
[SourceVersionDate "2004.05.04"]
[SourceQuality "1"]

1. e4 c5 2. Nc3 e6 3. g3 d5 4. exd5 exd5 5. d3 Nf6 6. Bg2 Be7 7. Bg5 d4 8. Bxf6 Bxf6 9. Ne4 Be7 10. Ne2 0-0 11. 0-0 Nc6 12. Qd2 f5 13. Nxc5 Bxc5 14. a3 a5 15. b4 axb4 16. axb4 Rxa1 17. Rxa1 Bxb4 18. Qf4 Kh8 19. Bxc6 bxc6 20. Nxd4 Bc3 21. Nxc6 Qe8 22. Ra4 Bd7 23. Rc4 Bxc6 24. h4 Qe1+ 25. Kh2 Qh1# 0-1

[Event "Internet Section 06A g/8'+2\""]
[Site "Dos Hermanas"]
[Date "2004.03.06"]
[Round "2"]
[White "Tatum, Kofi Odell"]
[Black "Barkwell, Michael C"]
[Result "1-0"]
[WhiteElo "2000"]
[BlackElo "1506"]
[PlyCount "43"]
[EventDate "2004.03.06"]
[EventType "swiss (blitz)"]
[EventRounds "9"]
[EventCountry "ESP"]
[SourceTitle "CBM 099 Extra"]
[Source "ChessBase"]
[SourceDate "2004.05.04"]
[SourceVersion "1"]
[SourceVersionDate "2004.05.04"]
[SourceQuality "1"]

1. d4 Nf6 2. Bg5 g6 3. Bxf6 exf6 4. e3 Bg7 5. c4 0-0 6. Nc3 d6 7. Be2 Nc6 8. Bf3 Bd7 9. Nge2 a6 10. Rb1 Re8 11. b4 Ne7 12. a4 Nf5 13. Bxb7 Ra7 14. Bf3 c6 15. b5 axb5 16. axb5 cxb5 17. cxb5 Be6 18. b6 Ra6 19. b7 Rb6 20. 0-0 d5 21. Qa4 Rxb7 22. Rxb7 1-0

[Event "CFriend RI-2004-0-00017 email"]
[Site "Chessfriend.com"]
[Date "2004.02.13"]
[Round "?"]
[White "Barkwell, Michael C"]
[Black "Malmstroem, Jan"]
[Result "1/2-1/2"]
[WhiteElo "1880"]
[BlackElo "1848"]
[PlyCount "77"]
[EventDate "2004.??.??"]
[EventType "tourn (corr)"]
[EventRounds "6"]
[SourceTitle "Corr 2008"]
[Source "ChessBase"]
[SourceDate "2008.06.24"]
[SourceVersion "1"]
[SourceVersionDate "2008.06.24"]
[SourceQuality "1"]

1. e4 e5 2. Nf3 Nc6 3. Nc3 Nf6 4. Bb5 Bb4 5. d3 Nd4 6. Ba4 b5 7. Bb3 Nxb3 8. axb3 d5 9. 0-0 Bxc3 10. bxc3 0-0 11. Qe2 Re8 12. Bg5 h6 13. Bh4 Qd6 14. Bxf6 Qxf6 15. exd5 Bg4 16. h3 Bxf3 17. Qxf3 Qxf3 18. gxf3 a5 19. Rfe1 Kf8 20. c4 b4 21. Kg2 g5 22. Ra4 Ra6 23. Rea1 Rea8 24. Kg3 f5 25. Re1 Re8 26. h4 Kf7 27. h5 Ra7 28. Re2 Re7 29. Kg2 Ra6 30. Re1 Re8 31. Rea1 Rea8 32. f4 exf4 33. Kf3 Ke7 34. Re1+ Kf7 35. d4 Re8 36. Re5 Rxe5 37. dxe5 Ke7 38. Ra1 Ra8 39. Ke2 1/2-1/2

[Event "CFriend RI-2004-0-00017 email"]
[Site "Chessfriend.com"]
[Date "2004.02.13"]
[Round "?"]
[White "Barkwell, Michael C"]
[Black "Taffijn, Aadrian"]
[Result "1-0"]
[WhiteElo "1880"]
[BlackElo "1729"]
[PlyCount "51"]
[EventDate "2004.??.??"]
[EventType "tourn (corr)"]
[EventRounds "6"]
[SourceTitle "Corr 2008"]
[Source "ChessBase"]
[SourceDate "2008.06.24"]
[SourceVersion "1"]
[SourceVersionDate "2008.06.24"]
[SourceQuality "1"]

1. e4 c5 2. Nc3 d6 3. g3 g6 4. Bg2 Nc6 5. d3 Bg7 6. f4 e6 7. Nf3 Nge7 8. 0-0 0-0 9. Be3 Nd4 10. e5 dxe5 11. Nxe5 Rb8 12. Ne4 b6 13. c3 Ndf5 14. Bf2 Bb7 15. Qa4 a5 16. Rad1 h5 17. Rfe1 Bd5 18. h3 f6 19. Nc4 g5 20. fxg5 fxg5 21. Qc2 b5 22. Ne3 Nxe3 23. Bxe3 Bxe4 24. dxe4 Qc7 25. Bf2 Ng6 26. Qe2 1-0

[Event "CFriend SI-2004-0-00015 email"]
[Site "Chessfriend.com"]
[Date "2004.01.02"]
[Round "1"]
[White "Barkwell, Michael C"]
[Black "Laczay, Istvan"]
[Result "1-0"]
[WhiteElo "1866"]
[BlackElo "1888"]
[PlyCount "37"]
[EventDate "2004.??.??"]
[EventType "tourn (corr)"]
[EventRounds "8"]
[SourceTitle "Corr 2008"]
[Source "ChessBase"]
[SourceDate "2008.06.24"]
[SourceVersion "1"]
[SourceVersionDate "2008.06.24"]
[SourceQuality "1"]

1. e4 c5 2. Nc3 Nc6 3. g3 g6 4. d3 d6 5. Bg2 Bg7 6. f4 e6 7. Nf3 Nge7 8. 0-0 0-0 9. Be3 f5 10. e5 dxe5 11. Nxe5 Nxe5 12. fxe5 Qc7 13. Qf3 Bxe5 14. Qf2 c4 15. Nb5 Qd8 16. dxc4 Bxb2 17. Rad1 Qa5 18. Bd2 Qxa2 19. Qc5 1-0

[Event "CFriend SI-2004-0-00015 email"]
[Site "Chessfriend.com"]
[Date "2004.01.02"]
[Round "1"]
[White "Barkwell, Michael C"]
[Black "Medveski, Mike"]
[Result "1/2-1/2"]
[WhiteElo "1866"]
[BlackElo "1900"]
[PlyCount "31"]
[EventDate "2004.??.??"]
[EventType "tourn (corr)"]
[EventRounds "8"]
[SourceTitle "Corr 2008"]
[Source "ChessBase"]
[SourceDate "2008.06.24"]
[SourceVersion "1"]
[SourceVersionDate "2008.06.24"]
[SourceQuality "1"]

1. e4 e5 2. Nf3 Nc6 3. Nc3 Nf6 4. Bb5 Nd4 5. Ba4 c6 6. Nxe5 d6 7. Nf3 Bg4 8. d3 d5 9. Be3 Nxf3+ 10. gxf3 Bh5 11. Bd4 dxe4 12. dxe4 Bb4 13. Rg1 Bxf3 14. Qd3 0-0 15. e5 Re8 16. Rxg7+ 1/2-1/2

[Event "CFriend SI-2004-0-00015 email"]
[Site "Chessfriend.com"]
[Date "2004.01.02"]
[Round "?"]
[White "Gramstad, Reidar"]
[Black "Barkwell, Michael C"]
[Result "1/2-1/2"]
[WhiteElo "1837"]
[BlackElo "1880"]
[PlyCount "45"]
[EventDate "2004.??.??"]
[EventType "tourn (corr)"]
[EventRounds "8"]
[SourceTitle "Corr 2008"]
[Source "ChessBase"]
[SourceDate "2008.06.24"]
[SourceVersion "1"]
[SourceVersionDate "2008.06.24"]
[SourceQuality "1"]

1. e4 e5 2. Nf3 Nc6 3. Bb5 a6 4. Ba4 Nf6 5. 0-0 Be7 6. Re1 b5 7. Bb3 d6 8. c3 0-0 9. h3 Na5 10. Bc2 c5 11. d4 Qc7 12. Nbd2 cxd4 13. cxd4 Nc6 14. Nb3 a5 15. Be3 a4 16. Nbd2 Bd7 17. Rc1 Qb7 18. Qe2 Rfe8 19. Bd3 Nb4 20. Bb1 a3 21. bxa3 Rxa3 22. dxe5 dxe5 23. Nb3 1/2-1/2

[Event "IECG CP.2003.P.00076 email"]
[Site "IECG email"]
[Date "2003.10.01"]
[Round "?"]
[White "Barkwell, Michael C"]
[Black "Chambers, Chris L"]
[Result "1/2-1/2"]
[WhiteElo "1864"]
[BlackElo "1802"]
[PlyCount "47"]
[EventDate "2003.10.01"]
[EventType "tourn (corr)"]
[EventRounds "6"]
[EventCountry "USA"]
[SourceTitle "Corr 2008"]
[Source "ChessBase"]
[SourceDate "2008.06.24"]
[SourceVersion "1"]
[SourceVersionDate "2008.06.24"]
[SourceQuality "1"]

1. e4 c5 2. Nc3 Nc6 3. g3 g6 4. Bg2 Bg7 5. d3 Rb8 6. f4 b5 7. a3 d6 8. Nf3 Nf6 9. 0-0 0-0 10. h3 a5 11. Be3 Bb7 12. Nxb5 Ba6 13. a4 Bxb5 14. axb5 Rxb5 15. Ra2 Qc7 16. c3 Rfb8 17. Qc2 e6 18. Nd2 d5 19. Bf2 Qb6 20. Rb1 Qc7 21. Qd1 dxe4 22. dxe4 e5 23. Qf3 Bh6 24. Nc4 1/2-1/2

[Event "IECG CP.2003.P.00076 email"]
[Site "IECG email"]
[Date "2003.10.01"]
[Round "?"]
[White "Radozycki, Tomasz"]
[Black "Barkwell, Michael C"]
[Result "0-1"]
[WhiteElo "1300"]
[BlackElo "1864"]
[PlyCount "82"]
[EventDate "2003.10.01"]
[EventType "tourn (corr)"]
[EventRounds "6"]
[EventCountry "USA"]
[SourceTitle "Corr 2008"]
[Source "ChessBase"]
[SourceDate "2008.06.24"]
[SourceVersion "1"]
[SourceVersionDate "2008.06.24"]
[SourceQuality "1"]

1. e4 e5 2. Nf3 Nc6 3. Bc4 Bc5 4. c3 Qe7 5. d4 exd4 6. 0-0 dxc3 7. Nxc3 d6 8. Nd5 Qd7 9. b4 Nxb4 10. Bb2 Nf6 11. Nxf6+ gxf6 12. Ng5 Qg4 13. Bxf6 0-0 14. Be7 h6 15. Qxg4 Bxg4 16. Bxf8 Kxf8 17. Nf3 Re8 18. Nd2 a6 19. Rfc1 b5 20. a3 Nc6 21. h3 Bd7 22. Bd3 Nd4 23. Kf1 Be6 24. f4 f6 25. g4 c6 26. Kg2 Bf7 27. Kg3 a5 28. h4 Re7 29. h5 b4 30. a4 b3 31. Rab1 Ba3 32. Re1 Bb4 33. Red1 Kg7 34. Nf3 Nxf3 35. Kxf3 d5 36. e5 fxe5 37. fxe5 c5 38. Rxb3 c4 39. Rxb4 axb4 40. Bg6 Bxg6 41. hxg6 b3 0-1

[Event "IECG CP.2003.P.00076 email"]
[Site "IECG email"]
[Date "2003.10.01"]
[Round "?"]
[White "Saitua, Guillermo Alberto"]
[Black "Barkwell, Michael C"]
[Result "1-0"]
[WhiteElo "2100"]
[BlackElo "1864"]
[PlyCount "61"]
[EventDate "2003.10.01"]
[EventType "tourn (corr)"]
[EventRounds "6"]
[EventCountry "USA"]
[SourceTitle "Corr 2008"]
[Source "ChessBase"]
[SourceDate "2008.06.24"]
[SourceVersion "1"]
[SourceVersionDate "2008.06.24"]
[SourceQuality "1"]

1. e4 e5 2. Nf3 Nc6 3. Bc4 Bc5 4. c3 Qe7 5. 0-0 d6 6. d4 Bb6 7. a4 a6 8. h3 Nf6 9. Re1 0-0 10. Bg5 h6 11. Be3 Nxe4 12. d5 Bxe3 13. Rxe3 Na5 14. Ba2 f5 15. b4 Qf7 16. bxa5 Nc5 17. Nbd2 f4 18. Re1 Bf5 19. Nh4 Bh7 20. Bb1 Bxb1 21. Rxb1 Qxd5 22. Qe2 Rab8 23. Ne4 Nxe4 24. Qxe4 Qxe4 25. Rxe4 Rf7 26. c4 Rff8 27. c5 Rfd8 28. Nf3 Kf7 29. Reb4 Ke6 30. c6 Kd5 31. cxb7 1-0

[Event "CFriend SI-2003-0-00012 email"]
[Site "Chessfriend.com"]
[Date "2003.09.16"]
[Round "?"]
[White "Barkwell, Michael C"]
[Black "Lindsalu, Indrek"]
[Result "1/2-1/2"]
[WhiteElo "1890"]
[BlackElo "1884"]
[PlyCount "43"]
[EventDate "2003.09.16"]
[EventType "tourn (corr)"]
[EventRounds "9"]
[SourceTitle "Corr 2008"]
[Source "ChessBase"]
[SourceDate "2008.06.24"]
[SourceVersion "1"]
[SourceVersionDate "2008.06.24"]
[SourceQuality "1"]

1. e4 c5 2. Nc3 Nc6 3. g3 Nf6 4. Bg2 e6 5. d3 d5 6. f4 d4 7. Nce2 e5 8. Nf3 Bd6 9. 0-0 0-0 10. c3 Qb6 11. Qc2 Bd7 12. h3 Rfe8 13. fxe5 Nxe5 14. Nxe5 Bxe5 15. Bf4 dxc3 16. bxc3 Bc6 17. Rad1 Bxf4 18. Rxf4 Rad8 19. Rdf1 Qc7 20. g4 Re7 21. Ng3 Red7 22. R4f3 1/2-1/2

[Event "CFriend SI-2003-0-00012 email"]
[Site "Chessfriend.com"]
[Date "2003.09.16"]
[Round "?"]
[White "Kann, Cedric"]
[Black "Barkwell, Michael C"]
[Result "1-0"]
[WhiteElo "1750"]
[BlackElo "1890"]
[PlyCount "79"]
[EventDate "2003.09.16"]
[EventType "tourn (corr)"]
[EventRounds "9"]
[SourceTitle "Corr 2008"]
[Source "ChessBase"]
[SourceDate "2008.06.24"]
[SourceVersion "1"]
[SourceVersionDate "2008.06.24"]
[SourceQuality "1"]

1. e4 e5 2. Nf3 Nc6 3. Bb5 a6 4. Ba4 Nf6 5. 0-0 Be7 6. Re1 b5 7. Bb3 d6 8. c3 Bg4 9. a4 0-0 10. d3 Na5 11. Bc2 c5 12. Nbd2 b4 13. h3 bxc3 14. bxc3 Be6 15. d4 Qc7 16. d5 Bd7 17. Nf1 Rfb8 18. Ne3 Rb7 19. Nd2 Ne8 20. Qe2 Bg5 21. Bd3 Rbb8 22. Bxa6 Bxe3 23. fxe3 Nb3 24. Nxb3 Rxb3 25. Bd3 Rb7 26. Bc2 Rba7 27. Qd1 Qd8 28. Bd2 Qg5 29. Kh2 Nf6 30. c4 Qg6 31. Rf1 Nxe4 32. Be1 f5 33. a5 Bc8 34. Bxe4 fxe4 35. Rb1 Ba6 36. Qc2 h6 37. Rb6 Kh7 38. Bg3 Rb7 39. Qa4 Rd7 40. Qxd7 1-0

[Event "CFriend SI-2003-0-00010 email"]
[Site "Chessfriend.com"]
[Date "2003.07.17"]
[Round "?"]
[White "Barkwell, Michael C"]
[Black "Foy, Jeffrey"]
[Result "0-1"]
[WhiteElo "1890"]
[BlackElo "1691"]
[PlyCount "64"]
[EventDate "2003.07.17"]
[EventType "tourn (corr)"]
[EventRounds "12"]
[SourceTitle "Corr 2008"]
[Source "ChessBase"]
[SourceDate "2008.06.24"]
[SourceVersion "1"]
[SourceVersionDate "2008.06.24"]
[SourceQuality "1"]

1. e4 c5 2. Nc3 Nc6 3. g3 g6 4. Bg2 Bg7 5. d3 d6 6. f4 e6 7. Nf3 Nge7 8. 0-0 0-0 9. Be3 Nd4 10. e5 dxe5 11. Nxe5 Rb8 12. Ne4 b6 13. c3 Ndf5 14. Bf2 Qc7 15. g4 Nd5 16. gxf5 exf5 17. Nd2 Nxf4 18. Nef3 Nxd3 19. Ne1 Nxf2 20. Rxf2 b5 21. Qc2 b4 22. Nd3 Ba6 23. Rd1 Rfd8 24. Nf4 Qe5 25. Nb3 bxc3 26. bxc3 Bh6 27. Nd5 Bc4 28. Rfd2 Bxd2 29. Qxd2 Bxd5 30. Bxd5 c4 31. Na5 Rbc8 32. Re1 Rxd5 0-1

[Event "CFriend SI-2003-0-00010 email"]
[Site "Chessfriend.com"]
[Date "2003.07.17"]
[Round "?"]
[White "Barkwell, Michael C"]
[Black "Meijer, Wilmar"]
[Result "1/2-1/2"]
[WhiteElo "1890"]
[BlackElo "1774"]
[PlyCount "50"]
[EventDate "2003.07.17"]
[EventType "tourn (corr)"]
[EventRounds "12"]
[SourceTitle "Corr 2008"]
[Source "ChessBase"]
[SourceDate "2008.06.24"]
[SourceVersion "1"]
[SourceVersionDate "2008.06.24"]
[SourceQuality "1"]

1. d4 e6 2. e4 d5 3. e5 c5 4. c3 Nc6 5. Nf3 Qb6 6. a3 c4 7. Nbd2 Na5 8. Be2 Bd7 9. 0-0 h6 10. Rb1 Qc7 11. Ne1 Ne7 12. Bh5 g6 13. Be2 0-0-0 14. Nef3 Kb8 15. Qe1 Ba4 16. Bd1 Bxd1 17. Qxd1 Nf5 18. b4 cxb3 19. Nxb3 Nc4 20. a4 Rc8 21. Nfd2 Nb6 22. a5 Na4 23. Bb2 Nxb2 24. Rxb2 Qxc3 25. Qb1 Ba3 1/2-1/2

[Event "CFriend SI-2003-0-00010 email"]
[Site "Chessfriend.com"]
[Date "2003.07.17"]
[Round "?"]
[White "Barkwell, Michael C"]
[Black "Werbrouck, Jean Michel"]
[Result "1-0"]
[WhiteElo "1890"]
[BlackElo "1654"]
[PlyCount "33"]
[EventDate "2003.07.17"]
[EventType "tourn (corr)"]
[EventRounds "12"]
[SourceTitle "Corr 2008"]
[Source "ChessBase"]
[SourceDate "2008.06.24"]
[SourceVersion "1"]
[SourceVersionDate "2008.06.24"]
[SourceQuality "1"]

1. e4 e5 2. Nf3 Nf6 3. Nc3 Bb4 4. d3 Bxc3+ 5. bxc3 d6 6. Be2 0-0 7. 0-0 c5 8. Bg5 Nbd7 9. c4 h6 10. Be3 b6 11. c3 a5 12. Rb1 Ba6 13. Nd2 Qb8 14. f4 b5 15. cxb5 Bb7 16. fxe5 Nxe5 17. Bxh6 1-0

[Event "CFriend SI-2003-0-00010 email"]
[Site "Chessfriend.com"]
[Date "2003.07.17"]
[Round "?"]
[White "Hausmann, Heiko"]
[Black "Barkwell, Michael C"]
[Result "0-1"]
[WhiteElo "1650"]
[BlackElo "1890"]
[PlyCount "78"]
[EventDate "2003.07.17"]
[EventType "tourn (corr)"]
[EventRounds "12"]
[SourceTitle "Corr 2008"]
[Source "ChessBase"]
[SourceDate "2008.06.24"]
[SourceVersion "1"]
[SourceVersionDate "2008.06.24"]
[SourceQuality "1"]

1. e4 e5 2. Nf3 Nc6 3. d4 Nxd4 4. Nxd4 exd4 5. Qxd4 d6 6. Nc3 Nf6 7. Bg5 Be7 8. Bc4 0-0 9. 0-0-0 a6 10. e5 dxe5 11. Qxe5 Bd6 12. Bxf6 Qxf6 13. Qxf6 gxf6 14. Nd5 Kg7 15. Nc3 Re8 16. f3 Be5 17. Ne2 Be6 18. Bxe6 fxe6 19. Rd7+ Kg6 20. Rhd1 h5 21. h4 Bd6 22. c4 b6 23. Kb1 Rg8 24. g4 hxg4 25. fxg4 f5 26. h5+ Kh6 27. gxf5 exf5 28. Nd4 Raf8 29. Ne6 Rf6 30. Nxc7 Bxc7 31. c5 bxc5 32. Rxc7 f4 33. Rxc5 f3 34. Rf1 f2 35. Rcc1 Re8 36. Rh1 Re2 37. a3 Rb6 38. b4 a5 39. Rhf1 axb4 0-1

[Event "CFriend SI-2003-0-00010 email"]
[Site "Chessfriend.com"]
[Date "2003.07.17"]
[Round "?"]
[White "Jendras, Gerard"]
[Black "Barkwell, Michael C"]
[Result "1/2-1/2"]
[WhiteElo "1773"]
[BlackElo "1890"]
[PlyCount "62"]
[EventDate "2003.07.17"]
[EventType "tourn (corr)"]
[EventRounds "12"]
[SourceTitle "Corr 2008"]
[Source "ChessBase"]
[SourceDate "2008.06.24"]
[SourceVersion "1"]
[SourceVersionDate "2008.06.24"]
[SourceQuality "1"]

1. e4 e5 2. Nf3 Nc6 3. d4 Nxd4 4. Nxd4 exd4 5. Qxd4 d6 6. Nc3 Nf6 7. Bg5 Be7 8. 0-0-0 0-0 9. e5 dxe5 10. Qxe5 Bd6 11. Qd4 h6 12. Bh4 Be6 13. Kb1 g5 14. Bg3 Bxg3 15. hxg3 Qxd4 16. Rxd4 Rfd8 17. Rxd8+ Rxd8 18. f3 h5 19. Bd3 Kg7 20. b3 c6 21. Kc1 Rd6 22. Ne4 Nxe4 23. Bxe4 f5 24. Bd3 Kh6 25. Kd2 b5 26. Ke3 a5 27. Rd1 c5 28. Be2 Rxd1 29. Bxd1 b4 30. Be2 Kg6 31. Bb5 Kf6 1/2-1/2

[Event "CFriend SI-2003-0-00010 email"]
[Site "Chessfriend.com"]
[Date "2003.07.17"]
[Round "?"]
[White "Prieto, Carlos"]
[Black "Barkwell, Michael C"]
[Result "1/2-1/2"]
[WhiteElo "1646"]
[BlackElo "1890"]
[PlyCount "88"]
[EventDate "2003.07.17"]
[EventType "tourn (corr)"]
[EventRounds "12"]
[SourceTitle "Corr 2008"]
[Source "ChessBase"]
[SourceDate "2008.06.24"]
[SourceVersion "1"]
[SourceVersionDate "2008.06.24"]
[SourceQuality "1"]

1. e4 e5 2. f4 d6 3. Nf3 Nf6 4. Nc3 Be7 5. Be2 0-0 6. d4 exd4 7. Nxd4 Re8 8. 0-0 c6 9. Bf3 Nbd7 10. Be3 Bf8 11. Re1 Nc5 12. Bf2 a5 13. h3 Qc7 14. Qd2 Be6 15. Rad1 a4 16. Nxe6 Nxe6 17. Ne2 Nc5 18. Ng3 d5 19. e5 Nfd7 20. Nf5 b5 21. Nd4 Ra6 22. c3 Rea8 23. g3 Nb6 24. e6 Nc4 25. Qe2 fxe6 26. Nxe6 Nxe6 27. Qxe6+ Qf7 28. Qe2 Nd6 29. Qd3 Rd8 30. Re2 Raa8 31. Rde1 Re8 32. Re5 Nc4 33. Rxe8 Rxe8 34. Re2 Rxe2 35. Qxe2 a3 36. b3 Nd6 37. Kg2 Qg6 38. h4 h6 39. Bg4 Qb1 40. Be1 Kh8 41. Bd7 c5 42. Bc6 d4 43. Bd5 Qf5 44. Qe5 dxc3 1/2-1/2

[Event "IECG CB.2001.0.00022 email"]
[Site "IECG email"]
[Date "2001.11.28"]
[Round "?"]
[White "Barkwell, Michael C"]
[Black "Popovic, Antonije"]
[Result "1/2-1/2"]
[WhiteElo "1914"]
[BlackElo "1925"]
[PlyCount "43"]
[EventDate "2001.11.28"]
[EventType "tourn (corr)"]
[EventRounds "6"]
[SourceTitle "Corr 2008"]
[Source "ChessBase"]
[SourceDate "2008.06.24"]
[SourceVersion "1"]
[SourceVersionDate "2008.06.24"]
[SourceQuality "1"]

1. e4 e6 2. d4 d5 3. e5 c5 4. c3 Qb6 5. a3 Bd7 6. Nf3 Bb5 7. Bxb5+ Qxb5 8. b4 cxb4 9. cxb4 a5 10. bxa5 Qxa5+ 11. Bd2 Qa6 12. Nc3 Qc4 13. Rb1 Nc6 14. Rxb7 Rxa3 15. Nb5 Ra2 16. Qb1 Nh6 17. Rc7 Ra8 18. Na7 Rxa7 19. Rxc6 Qxc6 20. Qb8+ Kd7 21. Qxa7+ Qc7 22. Qxc7+ 1/2-1/2

[Event "IECG CB.2001.0.00019 email"]
[Site "IECG email"]
[Date "2001.11.22"]
[Round "?"]
[White "Barkwell, Michael C"]
[Black "Starace, Umberto"]
[Result "1/2-1/2"]
[WhiteElo "1914"]
[BlackElo "1925"]
[PlyCount "70"]
[EventDate "2001.11.22"]
[EventType "tourn (corr)"]
[EventRounds "6"]
[SourceTitle "Corr 2008"]
[Source "ChessBase"]
[SourceDate "2008.06.24"]
[SourceVersion "1"]
[SourceVersionDate "2008.06.24"]
[SourceQuality "1"]

1. e4 c5 2. Nc3 Nc6 3. g3 g6 4. Bg2 Bg7 5. d3 d6 6. f4 Nf6 7. Nf3 0-0 8. 0-0 Rb8 9. Be3 Ng4 10. Bf2 Nd4 11. Nd2 b5 12. a3 h5 13. Nd5 Nxf2 14. Rxf2 Bg4 15. Qb1 h4 16. Ne3 hxg3 17. hxg3 Ne2+ 18. Kh2 Qd7 19. Qe1 Bxb2 20. Rb1 Bd4 21. Rxe2 Bxe2 22. Bh3 e6 23. Qxe2 Kg7 24. Nf3 Rh8 25. c4 b4 26. axb4 Bxe3 27. Qxe3 cxb4 28. e5 d5 29. Ra1 Rb7 30. Nd4 b3 31. Rb1 Qa4 32. Qe2 Rh6 33. Nf3 Qc6 34. Nd4 Qa4 35. Nf3 Qc6 1/2-1/2

[Event "IECG L1.2001.0.00020 email"]
[Site "IECG email"]
[Date "2001.02.18"]
[Round "?"]
[White "Barkwell, Michael C"]
[Black "Garcia, Hamlet Danilo"]
[Result "0-1"]
[WhiteElo "1858"]
[BlackElo "2191"]
[PlyCount "104"]
[EventDate "2001.02.18"]
[EventType "tourn (corr)"]
[EventRounds "12"]
[SourceTitle "Corr 2008"]
[Source "ChessBase"]
[SourceDate "2008.06.24"]
[SourceVersion "1"]
[SourceVersionDate "2008.06.24"]
[SourceQuality "1"]

1. e4 e5 2. Nf3 Nf6 3. Nc3 Nc6 4. Bb5 Bb4 5. 0-0 0-0 6. d3 Bxc3 7. bxc3 d6 8. Re1 h6 9. d4 Bd7 10. Rb1 Rb8 11. Bb2 a6 12. Bd3 Bg4 13. d5 Ne7 14. h3 Bh5 15. Ba3 Qd7 16. c4 b6 17. Qe2 Ng6 18. Qe3 Nf4 19. Bc1 g5 20. Bb2 Ne8 21. Nd2 Bg6 22. Bf1 Ng7 23. g3 Nfh5 24. g4 Nf4 25. Bd3 c6 26. Nb3 cxd5 27. cxd5 f5 28. gxf5 Bxf5 29. exf5 Nxf5 30. Bxf5 Qxf5 31. Kh2 Nxd5 32. Qd2 Qxf2+ 33. Kh1 Qf7 34. Rbd1 Nf4 35. Re3 Rbc8 36. Rf1 Qc4 37. Rf2 Nxh3 38. Rxh3 Rxf2 39. Qxf2 Qe4+ 40. Kh2 Rxc2 41. Nd2 Qb4 42. Bc3 Rxc3 43. Rxc3 Qxc3 44. Ne4 Qc7 45. Qf5 Qf7 46. Nxd6 Qxf5 47. Nxf5 Kh7 48. Kg3 h5 49. Nd6 b5 50. Kf2 Kg6 51. Kg3 b4 52. Nc4 Kf5 0-1

[Event "IECG L1.2001.0.00020 email"]
[Site "IECG email"]
[Date "2001.02.18"]
[Round "?"]
[White "Barkwell, Michael C"]
[Black "Hardy, David G"]
[Result "1/2-1/2"]
[WhiteElo "1858"]
[BlackElo "2094"]
[PlyCount "43"]
[EventDate "2001.02.18"]
[EventType "tourn (corr)"]
[EventRounds "12"]
[SourceTitle "Corr 2008"]
[Source "ChessBase"]
[SourceDate "2008.06.24"]
[SourceVersion "1"]
[SourceVersionDate "2008.06.24"]
[SourceQuality "1"]

1. e4 e6 2. d4 d5 3. e5 c5 4. c3 Qb6 5. Nf3 Nc6 6. a3 Nh6 7. b4 cxd4 8. cxd4 Nf5 9. Be3 f6 10. exf6 gxf6 11. Nc3 Nxe3 12. fxe3 Bh6 13. e4 Be3 14. exd5 Bxd4 15. Nxd4 Qxd4 16. Qxd4 Nxd4 17. Rd1 e5 18. Nb5 Nxb5 19. Bxb5+ Bd7 20. Bd3 f5 21. Rf1 Rf8 22. Rf3 1/2-1/2

[Event "IECG L1.2001.0.00020 email"]
[Site "IECG email"]
[Date "2001.02.18"]
[Round "?"]
[White "Marcotulli, Giancarlo"]
[Black "Barkwell, Michael C"]
[Result "1/2-1/2"]
[WhiteElo "1880"]
[BlackElo "1858"]
[PlyCount "71"]
[EventDate "2001.02.18"]
[EventType "tourn (corr)"]
[EventRounds "12"]
[SourceTitle "Corr 2008"]
[Source "ChessBase"]
[SourceDate "2008.06.24"]
[SourceVersion "1"]
[SourceVersionDate "2008.06.24"]
[SourceQuality "1"]

1. e4 e5 2. Nf3 Nc6 3. Bb5 a6 4. Ba4 Nf6 5. 0-0 Be7 6. Re1 b5 7. Bb3 d6 8. c3 Bg4 9. d3 0-0 10. Nbd2 Na5 11. Bc2 c5 12. Nf1 h6 13. h3 Bh5 14. Ng3 Bg6 15. Nh4 Bh7 16. Nhf5 Qd7 17. Qf3 Rfd8 18. Rd1 Nc6 19. a3 d5 20. Nxe7+ Qxe7 21. exd5 Rxd5 22. Be3 Rc8 23. Nh5 Rcd8 24. Bb3 Rxd3 25. Qxc6 Nxh5 26. Qxa6 Rb8 27. a4 bxa4 28. Rxd3 Bxd3 29. Bxf7+ Qxf7 30. Qxd3 Nf4 31. Qd6 Rxb2 32. Rxa4 Qd5 33. Qxd5+ Nxd5 34. Bxc5 Nxc3 35. Ra8+ Kh7 36. Bd6 1/2-1/2